| 000 | 00555nam a2200181Ia 4500 | ||
|---|---|---|---|
| 003 | GCL | ||
| 005 | 20240530102138.0 | ||
| 008 | 140319s9999 xx 000 0 ara d | ||
| 040 |
_aGCL / _cGCL |
||
| 082 | 0 | 4 |
_a810.9 _bع خ |
| 100 | 0 | _aعبده عبدالعزيز قلقيلة | |
| 245 | 1 | 0 |
_aخط سير الادب العربى / _cعبده عبدالعزيز قلقيلة |
| 260 |
_a[S.N] : _bدار الفكر العربى ، _c1990 |
||
| 300 | _a558 ص | ||
| 650 | 0 | 4 | _aالادب العربى |
| 650 | 0 | 4 | _aتاريخ ونقد |
| 942 |
_2ddc _cBK |
||
| 999 |
_c30099 _d30099 |
||